000 00409nam a2200169Ia 4500
008 230711s9999||||xx |||||||||||||| ||und||
041 _aENG
082 _a621
_bJO-E
100 _aDugas RE
245 0 _aEngineering thermodynamics
250 _a1st . Ed.
260 _c2004
_aNew Delhi
_bPHI Learning Private Limited
300 _a1000
650 _aMechanical Engineering
700 _aJones
942 _cBK
999 _c8492
_d8492